000 00418nam a2200181Ia 4500
001 15586
005 20260306170207.0
008 260306t2017||||xx |||||||||||||| ||und||
041 _aESP
082 _a547
_bW13 V. 2
100 _aWade, Leroy G.
_eAUT
245 0 _aQuímica orgánica
260 _c2017
300 _apáginas 717-1307 :
_c27 cm.
650 _aGEN
654 _aCCN
942 _cLIB
_dJUS
_fJUS
_2ddc
_n
999 _c15586
_d15586